[Event "FRA-chT U20 0809"]
[Site "Sautron"]
[Date "2009.01.02"]
[Round "4.3"]
[White "Gueriche, Guillaume"]
[Black "Neri, Jean Baptiste"]
[Result "0-1"]
[WhiteElo "1959"]
[BlackElo "1994"]
[PlyCount "78"]
[EventDate "2008.10.??"]
[EventType "team-tourn"]
[EventRounds "11"]
[EventCountry "FRA"]
[SourceTitle "EXT 2010"]
[Source "ChessBase"]
[SourceDate "2010.11.25"]
[SourceVersion "1"]
[SourceVersionDate "2010.11.25"]
[SourceQuality "1"]

1. Nf3 Nf6 2. b3 d5 3. Bb2 c5 4. e3 Nc6 5. c4 d4 6. exd4 cxd4 7. g3 Bg4 8. h3 Bxf3 9. Qxf3 e5 10. Bg2 Bc5 11. d3 Bb4+ 12. Kf1 a5 13. a3 Bd6 14. Kg1 0-0 15. Nd2 Nd7 16. Ne4 Be7 17. g4 Qb6 18. Kh2 Nd8 19. Qf5 Qe6 20. Bc1 Qxf5 21. gxf5 g6 22. Bh6 Re8 23. fxg6 hxg6 24. Rhf1 f5 25. Ng3 f4 26. Ne2 Kh7 27. Bxf4 exf4 28. Nxd4 Bf6 29. Rae1 Rxe1 30. Rxe1 Nc5 31. Nb5 Nc6 32. b4 axb4 33. axb4 Nxd3 34. Re6 Be5 35. Bxc6 bxc6 36. Re7+ Kh6 37. Na7 f3+ 38. Kg1 Bb8 39. Re8 Bh2+ 0-1

[Event "FRA-ch U14"]
[Site "La Roche sur Yon"]
[Date "2008.04.26"]
[Round "8"]
[White "Ider, Borya"]
[Black "Gueriche, Guillaume"]
[Result "1-0"]
[WhiteElo "2074"]
[BlackElo "1819"]
[PlyCount "75"]
[EventDate "2008.04.21"]
[EventType "swiss"]
[EventRounds "9"]
[EventCountry "FRA"]
[SourceTitle "EXT 2010"]
[Source "ChessBase"]
[SourceDate "2010.11.25"]
[SourceVersion "1"]
[SourceVersionDate "2010.11.25"]
[SourceQuality "1"]

1. Nf3 Nf6 2. c4 d6 3. d4 g6 4. g3 Bg7 5. Bg2 0-0 6. 0-0 Nbd7 7. Nc3 c5 8. Bg5 cxd4 9. Nxd4 Rb8 10. Rc1 Nb6 11. b3 Bd7 12. Qd2 a6 13. Rfd1 Ng4 14. h3 Ne5 15. Nd5 Re8 16. Qb4 Nxd5 17. cxd5 a5 18. Qd2 f6 19. Be3 h5 20. f4 Nf7 21. Qd3 f5 22. Ne6 Bxe6 23. dxe6 Nh6 24. Qb5 Rf8 25. Ba7 Rc8 26. Bxb7 Rc3 27. Rxc3 Bxc3 28. Rc1 Qc7 29. Kh2 Kh7 30. Bd4 Rb8 31. Rxc3 Qxb7 32. Qxb7 Rxb7 33. Rc8 Ng8 34. Rf8 Rc7 35. Rf7+ Kh6 36. Rg7 Rc8 37. Kg2 Rc2 38. Rxg8 1-0